| 000 | 00421nam a2200157Ia 4500 | ||
|---|---|---|---|
| 008 | 210423s2009 xx 000 0 und d | ||
| 020 | _a9788120312685 | ||
| 041 | _aeng | ||
| 082 | _a530 KHAM | ||
| 100 | _aKHANNA (M P). | ||
| 245 | _aIntroduction to particle physics. | ||
| 260 |
_aNew Delhi _bPHI Learning Pvt Ltd _c2009 |
||
| 300 |
_ax,297 _bPB |
||
| 365 |
_b250 _cINR |
||
| 906 | _aIntroduction ; particle ; physics. | ||
| 999 |
_c162321 _d162321 |
||